Kúpeľné centrum, Areál baní Handlová, okr. Handlová
Na minha lista:
| Autor principal: | |
|---|---|
| Outros Autores: | |
| Formato: | Manuscrito Livro |
| Idioma: | eslovaco |
| Publicado em: |
Bratislava
2021
|
| Assuntos: | |
| Acesso em linha: | http://is.stuba.sk/zp/portal_zp.pl?podrobnosti=159663 |
| Tags: |
Sem tags, seja o primeiro a adicionar uma tag!
|
MARC
| LEADER | 00000ntm a22000003a 4500 | ||
|---|---|---|---|
| 001 | stuzp84979 | ||
| 003 | SK-STU | ||
| 005 | 20220218125334.6 | ||
| 007 | ta | ||
| 008 | 150427s2015----xo-----f-mn---000-0-slo-d | ||
| 040 | |a STU |b slo | ||
| 041 | 0 | |a slo | |
| 100 | 1 | |a Mikovčák, Viktor |u 058180 |4 aut |U FAD Fakulta architektúry a dizajnu |T FAD Ústav architektúry občianskych budov |X 82250 |U A8180 |Y 399 |7 82250 | |
| 242 | 0 | 1 | |a Thermal Center, area of Handlova Mine, Handlova district |y eng |
| 245 | 1 | 0 | |a Kúpeľné centrum, Areál baní Handlová, okr. Handlová |
| 260 | |c 2021 |a Bratislava | ||
| 650 | 4 | |a Vertikalita |2 slo | |
| 650 | 4 | |a Kontinuita |2 slo | |
| 650 | 4 | |a Rekonštukcia |2 slo | |
| 650 | 4 | |a Reconstruction |2 eng | |
| 650 | 4 | |a Verticality |2 eng | |
| 650 | 4 | |a Continuit |2 eng | |
| 700 | 1 | |a Bátor, Jozef |u 058180 |k Z1 |4 ths |U FAD Fakulta architektúry a dizajnu |T FAD Ústav architektúry občianskych budov |X 4810 |U A8180 |Y 399 |7 A000004810 | |
| 856 | 4 | |u http://is.stuba.sk/zp/portal_zp.pl?podrobnosti=159663 |u https://opac.crzp.sk/?fn=detailBiblioForm&sid=0C216CD716E18223092105AAC853 | |